Effective meeting skills / (Record no. 3550)

000 -LEADER
fixed length control field nam a22 a 4500
003 - CONTROL NUMBER IDENTIFIER
control field AKMAL
005 - DATE AND TIME OF LATEST TRANSACTION
control field 20170523110146.0
008 - FIXED-LENGTH DATA ELEMENTS--GENERAL INFORMATION
fixed length control field 170523s1988 -us 00 eng d
020 ## - INTERNATIONAL STANDARD BOOK NUMBER
International Standard Book Number 0931961335 (pbk.):
Terms of availability RM 29.13
020 ## - INTERNATIONAL STANDARD BOOK NUMBER
International Standard Book Number 1560523859
040 ## - CATALOGING SOURCE
Original cataloging agency AKMAL
Transcribing agency AKMAL
082 04 - DEWEY DECIMAL CLASSIFICATION NUMBER
Classification number 658.456 HAY
090 ## - LOCALLY ASSIGNED LC-TYPE CALL NUMBER (OCLC); LOCAL CALL NUMBER (RLIN)
Classification number (OCLC) (R) ; Classification number, CALL (RLIN) (NR) 658.456
Local cutter number (OCLC) ; Book number/undivided call number, CALL (RLIN) HAY
100 1# - MAIN ENTRY--PERSONAL NAME
Personal name Haynes, Marion E.
9 (RLIN) 7018
245 10 - TITLE STATEMENT
Title Effective meeting skills /
Statement of responsibility, etc. Marion E. Haynes
260 ## - PUBLICATION, DISTRIBUTION, ETC.
Place of publication, distribution, etc. Los Altos, Calif. :
Name of publisher, distributor, etc. Crisp Publications,
Date of publication, distribution, etc. c1988
300 ## - PHYSICAL DESCRIPTION
Extent ii, [98]p. ;
Dimensions ill. ;
-- 26cm
440 ## - SERIES STATEMENT/ADDED ENTRY--TITLE
Title The Fifty-Minute series
9 (RLIN) 5947
650 ## - SUBJECT ADDED ENTRY--TOPICAL TERM
Topical term or geographic name entry element Meetings
9 (RLIN) 7058
942 ## - ADDED ENTRY ELEMENTS (KOHA)
Source of classification or shelving scheme
Koha item type Book
Holdings
Withdrawn status Lost status Source of classification or shelving scheme Damaged status Not for loan Collection code Home library Current library Shelving location Date acquired Inventory number Total Checkouts Full call number Barcode Date last seen Price effective from Koha item type
          NON-FICTION AKMAL Melaka AKMAL Melaka PINJAMAN 23.05.2017 602346   658.456 HAY 201704588 23.05.2017 23.05.2017 Book
          NON-FICTION AKMAL Melaka AKMAL Melaka PINJAMAN 23.05.2017 600966   658.456 HAY 201704597 23.05.2017 23.05.2017 Book
Pusat Sumber Maklumat Dato' Haji Sarmin Md Hussin, Akademi Kastam Diraja Malaysia, Melaka
Tel: 06-2331106 | Faks: 06-2313787